000 00342nam a2200133Ia 4500
008 240624s9999 xx 000 0 und d
041 _aeng
082 _a658.155 APO
100 _aAPOSTOLIK RICHARD
245 _aFOUNDATIONS OF FINANCIAL RISK AN OVERVIE
260 _c2016
_aregulation
_bWiley India
300 _a368 , p.
365 _cRS
_b27
999 _c30858
_d30858